| 000 | 00909nam a2200265 i 4500 | ||
|---|---|---|---|
| 001 | 66869 | ||
| 003 | ES-MaACL | ||
| 005 | 20230906165853.0 | ||
| 007 | t| | ||
| 008 | 040415s1954 mx ||||1| spa d | ||
| 020 | _a968-16-2479-3 | ||
| 080 | _a87.09 | ||
| 080 | _a82(4).09 | ||
| 100 | 1 |
_aHighet, Gilbert. _963641 |
|
| 245 | 1 | 3 |
_aLa tradicición clásica _b: influencias griegas y romanas en la literatura occidental / _cGilbert Highet. |
| 250 | _a1ª ed. en español. | ||
| 260 |
_aMéxico D.F. : _bFondo de Cultura Económica, _c1954. |
||
| 300 |
_a2 v. ; _c21 cm. |
||
| 490 | 1 | _aSección de lengua y estudios literarios (Fondo de Cultura Económica | |
| 500 | _aIndice. | ||
| 650 | 1 | 4 |
_aLiteratura clásica- _xInfluencia. _914525 |
| 830 | 0 |
_aSección de lengua y estudios literarios (Fondo de Cultura Económica _9230848 |
|
| 852 |
_aES-MaACL _jL-27340-1 _bR.132949 |
||
| 999 |
_c66869 _d66869 |
||